00863cam a22002295a 45000010009000000050017000090080041000260200018000670400033000850820022001182450083001402600040002233000035002635000024002985040041003226500035003636530026003987000038004249420008004629990017004709520146004871772620820160908112325.0130506t2013 enka frb 001 0 eng d a9781447151067 aDLCbengcDLCdDLCdEG-ScBUE04222a004.6782bCLO00aCloud computing :bmethods and practical approaches /ceditor Zaigham Mahmood. aLondon :bSpringer-Verlag,cc.2013. axvii, 347 p. :bill. ;c24 cm. aIndex : p. 343-347. aIncludes bibliographical references. 72BUEsh937309aCloud computing. bCOMSCIcSeptember20161 aMahmood, Zaigham,eeditor.941085 2ddc c22341d22313 00102ddc40708BaccahaMAINbMAINcLOWd2016-09-08ePurchaseg949.90h2000088l0o004.6782 CLOp000033601r2025-07-15 00:00:00v1187.38yBB